Welcome to the official i-CATS University College Library system. If you are a new user, please contact our librarian for registration.

Electronic measurements & instrumentation / (Record no. 2737)

MARC details
000 -LEADER
fixed length control field 00665nam a22002177a 4500
003 - CONTROL NUMBER IDENTIFIER
control field OSt
005 - DATE AND TIME OF LATEST TRANSACTION
control field 20260408115700.0
008 - FIXED-LENGTH DATA ELEMENTS--GENERAL INFORMATION
fixed length control field 260408b |||||||| |||| 00| 0 eng d
020 ## - INTERNATIONAL STANDARD BOOK NUMBER
International Standard Book Number 9789333223614
040 ## - CATALOGING SOURCE
Transcribing agency DLC
050 ## - LIBRARY OF CONGRESS CALL NUMBER
Classification number TK7878.4
Item number .B35 2020
100 ## - MAIN ENTRY--PERSONAL NAME
Personal name Bakshi, U. A.
245 ## - TITLE STATEMENT
Title Electronic measurements & instrumentation /
Statement of responsibility, etc. U. A. Bakshi, A. V. Bakshi
246 ## - VARYING FORM OF TITLE
Title proper/short title Electronic measurements and instrumentation
260 ## - PUBLICATION, DISTRIBUTION, ETC.
Place of publication, distribution, etc. Pune :
Name of publisher, distributor, etc. Technical Publications,
Date of publication, distribution, etc. 2020.
504 ## - BIBLIOGRAPHY, ETC. NOTE
Bibliography, etc. note Includes bibliographical references and index.
650 ## - SUBJECT ADDED ENTRY--TOPICAL TERM
Topical term or geographic name entry element Electronic measurements
650 ## - SUBJECT ADDED ENTRY--TOPICAL TERM
Topical term or geographic name entry element Instrumentation
700 ## - ADDED ENTRY--PERSONAL NAME
Personal name Bakshi, A. V.
942 ## - ADDED ENTRY ELEMENTS (KOHA)
Source of classification or shelving scheme Library of Congress Classification
Koha item type Books
Suppress in OPAC No
Holdings
Date last seen Total checkouts Full call number Barcode Price effective from Koha item type Lost status Source of classification or shelving scheme Damaged status Not for loan Collection Withdrawn status Home library Current library Shelving location Date acquired Cost, normal purchase price
08/04/2026   TK7878.4.B35 2020 1002629 08/04/2026 Books   Library of Congress Classification     Open Collection   Dato Maznah Library & Information Services Dato Maznah Library & Information Services TK Electrical engineering. Electronics. Nuclear engineering 08/04/2026 337.50